<?xml version="1.0" encoding="UTF-8"?>
<record
    xmlns:xsi="http://www.w3.org/2001/XMLSchema-instance"
    xsi:schemaLocation="http://www.loc.gov/MARC21/slim http://www.loc.gov/standards/marcxml/schema/MARC21slim.xsd"
    xmlns="http://www.loc.gov/MARC21/slim">

  <leader>00768nam a2200205Ia 4500</leader>
  <controlfield tag="003">LK-CoDNM</controlfield>
  <controlfield tag="005">20241126140948.0</controlfield>
  <controlfield tag="008">010623t1995    xxu||||| |||| 00| 1 sin d</controlfield>
  <datafield tag="040" ind1=" " ind2=" ">
    <subfield code="a">LK-CoDNM</subfield>
    <subfield code="d">LK-CoDNM</subfield>
    <subfield code="e">LK-CoDNM</subfield>
  </datafield>
  <datafield tag="041" ind1=" " ind2=" ">
    <subfield code="a">sin</subfield>
  </datafield>
  <datafield tag="080" ind1=" " ind2=" ">
    <subfield code="a">294.3</subfield>
    <subfield code="b">SUM</subfield>
  </datafield>
  <datafield tag="100" ind1=" " ind2=" ">
    <subfield code="a">&#xDB8;&#xDCF;&#xDC4;&#xDDD; &#xDC3;&#xDD4;&#xDB8;&#xDDA;&#xDB0; &#xDC4;&#xDD2;&#xDB8;&#xDD2;</subfield>
  </datafield>
  <datafield tag="245" ind1=" " ind2=" ">
    <subfield code="a">&#xD9C;&#xDD2;&#xDC4;&#xDD2;&#xDC0;&#xDD2;&#xDB1;&#xDBA; &#xDC4;&#xDD9;&#xDC0;&#xDAD;&#xDCA; &#xDC3;&#xDD2;&#xD9C;&#xDCF;&#xDBD;&#xD9A;&#xDDD;&#xDC0;&#xDCF;&#xDAF; &#xD9C;&#xDD2;&#xDC4;&#xDD2; &#xDC0;&#xDD2;&#xDB1;&#xDBA; &#xDC4;&#xDD9;&#xDC0;&#xDAD;&#xDCA; &#xDC3;&#xDD2;&#xD9C;&#xDCF;&#xDBD;&#xD9A;&#xDDD;&#xDC0;&#xDCF;&#xDAF; &#xDB0;&#xDBB;&#xDCA;&#xDB8;&#xDBA;-1995</subfield>
  </datafield>
  <datafield tag="246" ind1=" " ind2=" ">
    <subfield code="a">Gihi Vinaya Hewath Sigala Kovada Dharmaya</subfield>
  </datafield>
  <datafield tag="260" ind1=" " ind2=" ">
    <subfield code="b">&#xDB6;&#xDDE;&#xDAF;&#xDCA;&#xDB0; &#xD9C;&#xDCA;&#x200D;&#xDBB;&#xDB1;&#xDCA;&#xDAE;&#xDB4;&#xDCA;&#x200D;&#xDBB;&#xD9A;&#xDCF;&#xDC1;&#xDB1; &#xDC3;&#xDB8;&#xDD2;&#xDAD;&#xDD2;&#xDBA;</subfield>
    <subfield code="c">1995</subfield>
    <subfield code="a">&#xDB8;&#xDC4;&#xDB1;&#xDD4;&#xDC0;&#xDBB;</subfield>
  </datafield>
  <datafield tag="300" ind1=" " ind2=" ">
    <subfield code="b">123p. ; 18 cm</subfield>
  </datafield>
  <datafield tag="650" ind1=" " ind2=" ">
    <subfield code="a">1995</subfield>
  </datafield>
  <datafield tag="650" ind1=" " ind2=" ">
    <subfield code="a">Buddhism</subfield>
  </datafield>
  <datafield tag="942" ind1=" " ind2=" ">
    <subfield code="c">BK</subfield>
  </datafield>
  <datafield tag="952" ind1=" " ind2=" ">
    <subfield code="0">0</subfield>
    <subfield code="1">0</subfield>
    <subfield code="4">1</subfield>
    <subfield code="7">0</subfield>
    <subfield code="8">OBC</subfield>
    <subfield code="a">MAIN</subfield>
    <subfield code="b">MAIN</subfield>
    <subfield code="c">REF</subfield>
    <subfield code="d">2024-11-07</subfield>
    <subfield code="l">0</subfield>
    <subfield code="o">294.3 SUM</subfield>
    <subfield code="p">OB8836</subfield>
    <subfield code="r">2024-11-26</subfield>
    <subfield code="w">2024-11-26</subfield>
    <subfield code="y">BK</subfield>
  </datafield>
  <datafield tag="999" ind1=" " ind2=" ">
    <subfield code="c">117083</subfield>
    <subfield code="d">117083</subfield>
  </datafield>
</record>
